[Event "LIII Festival A"]
[Site "Imperia "]
[Date "2011.09.04"]
[Round "1"]
[White "Morselli, Stefano"]
[Black "Ferri, Stefano"]
[Result "0-1"]
[WhiteElo "1909"]
[BlackElo "2192"]
[PlyCount "68"]
[EventDate "2011.09.09"]
[EventType "swiss"]
[EventRounds "9"]
[EventCountry "ITA"]
[SourceDate "2005.09.12"]

1. Nf3 d5 2. g3 Nc6 3. Bg2 e5 4. d3 f5 5. c4 dxc4 6. Qa4 Bd6 7. Qxc4 Qe7 8. Nc3
Nf6 9. O-O Qf7 10. Rd1 Qxc4 11. dxc4 Be6 12. b3 O-O-O 13. Ng5 Bg8 14. Bh3 Ne7
15. Be3 h6 16. Nge4 Nxe4 17. Nxe4 b6 18. c5 bxc5 19. Nxc5 g5 20. Rac1 Bf7 21.
Ne4 Ba3 22. Nc5 Bxc1 23. Rxc1 g4 24. Bg2 Bd5 25. Na6 c6 26. Bc5 Rh7 27. Nb4 e4
28. Bxe7 Rxe7 29. Nxd5 Rxd5 30. Rxc6+ Rc7 31. Rxc7+ Kxc7 32. f3 e3 33. fxg4
Rd1+ 34. Bf1 fxg4 0-1

[Event "LIII Festival A"]
[Site "Imperia "]
[Date "2011.09.04"]
[Round "1"]
[White "Mozny, Milos"]
[Black "Neubauer, Kai"]
[Result "1-0"]
[WhiteElo "2346"]
[BlackElo "2036"]
[PlyCount "33"]
[EventDate "2011.09.09"]
[EventType "swiss"]
[EventRounds "9"]
[EventCountry "ITA"]
[SourceDate "2005.09.12"]

1. d4 d5 2. Nf3 Nf6 3. c4 e6 4. g3 dxc4 5. Bg2 Nc6 6. O-O Rb8 7. a4 a6 8. a5
Bb4 9. Ra4 b5 10. axb6 Rxb6 11. Na3 O-O 12. Nxc4 Rb8 13. Nfe5 Nxe5 14. Nxe5 Qd6
15. Nc6 Nd5 16. Nxb8 Bb7 17. e4 1-0

[Event "LIII Festival A"]
[Site "Imperia "]
[Date "2011.09.04"]
[Round "1"]
[White "Pedini, Dario"]
[Black "Blasco, Domenico"]
[Result "1-0"]
[WhiteElo "2206"]
[BlackElo "1965"]
[PlyCount "45"]
[EventDate "2011.09.09"]
[EventType "swiss"]
[EventRounds "9"]
[EventCountry "ITA"]
[SourceDate "2005.09.12"]

1. e4 g6 2. Nc3 Bg7 3. g3 Nc6 4. Bg2 d6 5. d3 e5 6. Be3 Nge7 7. Qd2 O-O 8. Bh6
f5 9. Nge2 Be6 10. Nd5 Nd4 11. Bxg7 Kxg7 12. Nxd4 exd4 13. Nf4 Bd7 14. c3 Nc6
15. O-O-O Rb8 16. h4 b5 17. exf5 Rxf5 18. Bxc6 Bxc6 19. Ne6+ Kg8 20. Nxd8 Bxh1
21. Ne6 Bd5 22. Nxd4 Bxa2 23. Nxf5 1-0

[Event "LIII Festival A"]
[Site "Imperia "]
[Date "2011.09.04"]
[Round "1"]
[White "Suvrajit, Saha"]
[Black "Maniero, Andrea"]
[Result "1-0"]
[WhiteElo "2384"]
[BlackElo "2043"]
[PlyCount "61"]
[EventDate "2011.09.09"]
[EventType "swiss"]
[EventRounds "9"]
[EventCountry "ITA"]
[SourceDate "2005.09.12"]

1. d4 Nf6 2. Nf3 b6 3. e3 e6 4. Bd3 c5 5. O-O cxd4 6. exd4 Qc7 7. c4 Bb7 8. Nc3
a6 9. Bg5 Be7 10. Bxf6 gxf6 11. Re1 Nc6 12. Rc1 Nb4 13. Bb1 Rg8 14. a3 Qf4 15.
d5 O-O-O 16. axb4 Bd6 17. c5 Qg4 18. g3 Bf4 19. Rc2 h5 20. cxb6 Kb8 21. Nd4 Qh3
22. Qf3 Be5 23. Nc6+ dxc6 24. dxc6 Rxg3+ 25. hxg3 Rg8 26. Rxe5 fxe5 27. cxb7 h4
28. Ne2 hxg3 29. Nxg3 f5 30. Rc8+ Rxc8 31. bxc8=Q+ 1-0

[Event "LIII Festival A"]
[Site "Imperia "]
[Date "2011.09.04"]
[Round "1"]
[White "Svetushkin, Dmitry"]
[Black "Ribbegren, Karl Johan"]
[Result "1-0"]
[WhiteElo "2594"]
[BlackElo "2167"]
[PlyCount "24"]
[EventDate "2011.09.09"]
[EventType "swiss"]
[EventRounds "9"]
[EventCountry "ITA"]
[SourceDate "2005.09.12"]

1. d4 d6 2. e4 g6 3. Nf3 Nf6 4. Bd3 Nc6 5. c3 Bg7 6. O-O e5 7. h3 O-O 8. Na3 d5
9. dxe5 Nxe4 10. Bf4 Qe7 11. Re1 f5 12. exf6 Qxf6 1-0

[Event "LIII Festival A"]
[Site "Imperia "]
[Date "2011.09.04"]
[Round "1"]
[White "Van Hoolandt, Patrick"]
[Black "Arnaudov, Petar G"]
[Result "0-1"]
[WhiteElo "2148"]
[BlackElo "2484"]
[PlyCount "64"]
[EventDate "2011.09.09"]
[EventType "swiss"]
[EventRounds "9"]
[EventCountry "ITA"]
[SourceDate "2005.09.12"]

1. d4 Nf6 2. c4 Nc6 3. Nc3 e5 4. d5 Ne7 5. g3 Ng6 6. Bg2 Bc5 7. Nf3 O-O 8. Bg5
h6 9. Bxf6 Qxf6 10. O-O Qe7 11. Ne4 f5 12. Nxc5 Qxc5 13. Rc1 d6 14. Qa4 a5 15.
a3 Qa7 16. c5 dxc5 17. Qc4 e4 18. Nd2 b6 19. d6+ Kh7 20. Nxe4 fxe4 21. Qxe4 Bf5
22. Qa4 Rad8 23. dxc7 Qxc7 24. b4 axb4 25. axb4 c4 26. b5 Rc8 27. e4 Be6 28. f4
Qc5+ 29. Kh1 Bd7 30. Rb1 c3 31. Rfc1 c2 32. Rb2 Qe3 0-1

[Event "LIII Festival A"]
[Site "Imperia "]
[Date "2011.09.04"]
[Round "1"]
[White "Weill, Roland"]
[Black "Tomassoni, Leonardo"]
[Result "1-0"]
[WhiteElo "2205"]
[BlackElo "1932"]
[PlyCount "39"]
[EventDate "2011.09.09"]
[EventType "swiss"]
[EventRounds "9"]
[EventCountry "ITA"]
[SourceDate "2005.09.12"]

1. e4 c5 2. Nf3 d6 3. c3 Nf6 4. Bc4 e6 5. Qe2 Nc6 6. Bb3 Be7 7. O-O O-O 8. d4
cxd4 9. cxd4 a6 10. Nc3 b5 11. Rd1 Na5 12. Bc2 b4 13. e5 bxc3 14. exf6 Bxf6 15.
Qe4 g6 16. Qxa8 cxb2 17. Bxb2 Qb6 18. Rab1 Bb7 19. Ba1 Qxb1 20. Qxf8+ 1-0

[Event "LIII Festival A"]
[Site "Imperia "]
[Date "2011.09.05"]
[Round "2"]
[White "Cani, Gazmir"]
[Black "Mozny, Milos"]
[Result "0-1"]
[WhiteElo "2140"]
[BlackElo "2346"]
[PlyCount "90"]
[EventDate "2011.09.09"]
[EventType "swiss"]
[EventRounds "9"]
[EventCountry "ITA"]
[SourceDate "2005.09.12"]

1. d4 d5 2. Nf3 Bf5 3. c4 e6 4. Nc3 Nf6 5. Qb3 b6 6. Nh4 Bg6 7. g3 Be4 8. Nxe4
Nxe4 9. Bg2 Nc6 10. O-O Nxd4 11. Qd3 Qf6 12. Be3 Bc5 13. b4 Nc3 14. bxc5 Ncxe2+
15. Kh1 O-O 16. Rae1 Rad8 17. cxd5 exd5 18. cxb6 axb6 19. Rxe2 Nxe2 20. Qxe2 d4
21. Bd2 c5 22. Qg4 Qe6 23. Nf5 g6 24. Be4 Rfe8 25. Re1 Qxa2 26. Qg5 f6 27. Qxf6
gxf5 28. Qg5+ Kf8 29. Qxf5+ Qf7 30. Bh6+ Kg8 31. Qg5+ Kh8 32. f3 Rd6 33. Rg1
Qf6 34. Qh5 Rde6 35. Bg5 Qg7 36. Qh4 h6 37. Bd2 c4 38. g4 c3 39. Bf4 d3 40. g5
d2 41. gxh6 Qd4 42. Rd1 Rxe4 43. fxe4 Qxe4+ 44. Kg1 Rg8+ 45. Kf2 Rg2+ 0-1

[Event "LIII Festival A"]
[Site "Imperia "]
[Date "2011.09.05"]
[Round "2"]
[White "De Marco, Walter"]
[Black "Beccaris, Gabriele"]
[Result "1/2-1/2"]
[WhiteElo "1902"]
[BlackElo "2037"]
[PlyCount "47"]
[EventDate "2011.09.09"]
[EventType "swiss"]
[EventRounds "9"]
[EventCountry "ITA"]
[SourceDate "2005.09.12"]

1. d4 Nf6 2. c4 e6 3. Nf3 Bb4+ 4. Nbd2 Qe7 5. a3 Bxd2+ 6. Bxd2 d6 7. e3 O-O 8.
Be2 Ne4 9. O-O Nd7 10. Qc2 Nxd2 11. Nxd2 f5 12. b4 e5 13. c5 Kh8 14. cxd6 cxd6
15. dxe5 dxe5 16. Rac1 Nf6 17. Qc7 Rf7 18. Qxe7 Rxe7 19. Nc4 Bd7 20. Nd6 Be6
21. Bc4 Bxc4 22. Rxc4 g6 23. Rfc1 Rd7 24. Nc8 1/2-1/2

[Event "LIII Festival A"]
[Site "Imperia "]
[Date "2011.09.05"]
[Round "2"]
[White "Del Dotto, Riccardo"]
[Black "Klaric, Zlatko"]
[Result "0-1"]
[WhiteElo "2201"]
[BlackElo "2422"]
[PlyCount "68"]
[EventDate "2011.09.09"]
[EventType "swiss"]
[EventRounds "9"]
[EventCountry "ITA"]
[SourceDate "2005.09.12"]

1. d4 d5 2. Bf4 g6 3. e3 Bg7 4. Nf3 c5 5. Nc3 Nf6 6. Be2 O-O 7. Ne5 Qb6 8. O-O
cxd4 9. exd4 Nc6 10. Nxc6 bxc6 11. Na4 Qa5 12. c3 Nd7 13. b4 Qd8 14. Qd2 e5 15.
dxe5 Nxe5 16. Bh6 Bxh6 17. Qxh6 a5 18. Nc5 Re8 19. Rfe1 axb4 20. cxb4 Bf5 21.
Qd2 Qh4 22. a4 Reb8 23. b5 d4 24. Bf1 Qf6 25. Qf4 Re8 26. b6 Qd6 27. Na6 Re7
28. Rac1 d3 29. Nc7 d2 30. Nxa8 Nf3+ 31. Qxf3 Rxe1 32. Rd1 Bc2 33. b7 Rxd1 34.
Qg3 Rxf1+ 0-1

[Event "LIII Festival A"]
[Site "Imperia "]
[Date "2011.09.05"]
[Round "2"]
[White "Ferri, Stefano"]
[Black "Dolezal, Radoslav jr"]
[Result "1/2-1/2"]
[WhiteElo "2192"]
[BlackElo "2393"]
[PlyCount "31"]
[EventDate "2011.09.09"]
[EventType "swiss"]
[EventRounds "9"]
[EventCountry "ITA"]
[SourceDate "2005.09.12"]

1. e4 e5 2. Nf3 Nc6 3. Bb5 a6 4. Ba4 Nf6 5. O-O b5 6. Bb3 Be7 7. d4 d6 8. c3
O-O 9. Qe2 Bg4 10. Rd1 Qe8 11. h3 Bxf3 12. Qxf3 Na5 13. Bc2 c5 14. d5 Nc4 15.
Nd2 Nxd2 16. Bxd2 1/2-1/2

[Event "LIII Festival A"]
[Site "Imperia "]
[Date "2011.09.05"]
[Round "2"]
[White "Finocchiaro, Gianluca"]
[Black "Mazzetta, Renato"]
[Result "1-0"]
[WhiteElo "2108"]
[BlackElo "1925"]
[PlyCount "45"]
[EventDate "2011.09.09"]
[EventType "swiss"]
[EventRounds "9"]
[EventCountry "ITA"]
[SourceDate "2005.09.12"]

1. e4 d5 2. exd5 Qxd5 3. d4 Nf6 4. Nf3 Bg4 5. Be2 c6 6. O-O e6 7. c4 Qd8 8. Nc3
Bd6 9. Bg5 h6 10. Bxf6 Qxf6 11. d5 cxd5 12. Qa4+ Kf8 13. cxd5 Bxf3 14. Bxf3 e5
15. Ne4 Qe7 16. Qb5 b6 17. Rac1 g6 18. Rc2 Kg7 19. Rfc1 a5 20. a4 Rd8 21. Rc8
Nd7 22. Rxa8 Rxa8 23. Qc6 1-0

[Event "LIII Festival A"]
[Site "Imperia "]
[Date "2011.09.05"]
[Round "2"]
[White "Formento, Paolo"]
[Black "Morselli, Stefano"]
[Result "1-0"]
[WhiteElo "2068"]
[BlackElo "1909"]
[PlyCount "79"]
[EventDate "2011.09.09"]
[EventType "swiss"]
[EventRounds "9"]
[EventCountry "ITA"]
[SourceDate "2005.09.12"]

1. e4 g6 2. d4 Bg7 3. Nc3 d6 4. f4 Nf6 5. Nf3 c5 6. Bb5+ Bd7 7. e5 Ng4 8. e6
Bxb5 9. exf7+ Kd7 10. Nxb5 Qa5+ 11. Nc3 cxd4 12. Nxd4 Bxd4 13. Qxd4 Nc6 14. Qd1
Qf5 15. Qf3 Rac8 16. Ne2 h5 17. c3 Rhf8 18. O-O Rxf7 19. h3 Qc5+ 20. Kh1 Rcf8
21. hxg4 hxg4 22. Qxg4+ Rf5 23. Rf3 Rh8+ 24. Rh3 Rxh3+ 25. Qxh3 Qf2 26. Ng3
Qe1+ 27. Kh2 e6 28. Nxf5 gxf5 29. b3 e5 30. Bb2 Qf2 31. Qxf5+ Kc7 32. Ba3 exf4
33. Qd3 d5 34. Qxd5 Qg3+ 35. Kh1 Qxc3 36. Qd6+ Kb6 37. Rc1 Qh8+ 38. Kg1 Qd4+
39. Qxd4+ Nxd4 40. Bc5+ 1-0

[Event "LIII Festival A"]
[Site "Imperia "]
[Date "2011.09.05"]
[Round "2"]
[White "Jose' Polanco, Kenia"]
[Black "Krouzel, Jaroslav"]
[Result "1/2-1/2"]
[WhiteElo "1963"]
[BlackElo "2133"]
[PlyCount "57"]
[EventDate "2011.09.09"]
[EventType "swiss"]
[EventRounds "9"]
[EventCountry "ITA"]
[SourceDate "2005.09.12"]

1. c4 f5 2. g3 Nf6 3. Bg2 g6 4. Nc3 Bg7 5. Nf3 O-O 6. O-O d6 7. d4 Qe8 8. Nd5
Nxd5 9. cxd5 Qb5 10. Ng5 c6 11. a4 Qb6 12. e3 h6 13. Nh3 cxd5 14. Bxd5+ Kh7 15.
Ra3 Nc6 16. Rb3 Qa6 17. Rc3 Bd7 18. Bc4 Qb6 19. Nf4 Na5 20. Nd5 Qd8 21. Nc7 Rc8
22. Ne6 Bxe6 23. Bxe6 Rxc3 24. bxc3 Qc7 25. Bd2 Rf6 26. Ba2 Nc4 27. Qb3 d5 28.
Qc2 Rb6 29. Bc1 1/2-1/2

[Event "LIII Festival A"]
[Site "Imperia "]
[Date "2011.09.05"]
[Round "2"]
[White "Jurek, Josef"]
[Black "Sulava, Nenad"]
[Result "1/2-1/2"]
[WhiteElo "2337"]
[BlackElo "2540"]
[PlyCount "50"]
[EventDate "2011.09.09"]
[EventType "swiss"]
[EventRounds "9"]
[EventCountry "ITA"]
[SourceDate "2005.09.12"]

1. Nf3 d5 2. d4 Nf6 3. c4 e6 4. e3 a6 5. b3 c5 6. cxd5 exd5 7. Be2 Bd6 8. dxc5
Bxc5 9. O-O Qd6 10. Bb2 Nc6 11. Nbd2 O-O 12. Rc1 Ba7 13. Nc4 Qe6 14. Nce5 Bb8
15. Nxc6 bxc6 16. Ba3 Re8 17. Nd4 Qe5 18. g3 Bh3 19. Nxc6 Qg5 20. f4 Qh6 21.
Re1 Rxe3 22. Nxb8 Rxb8 23. Bf3 Rxe1+ 24. Qxe1 Re8 25. Qd1 Qg6 1/2-1/2

[Event "LIII Festival A"]
[Site "Imperia "]
[Date "2011.09.05"]
[Round "2"]
[White "Lacrosse, Marc"]
[Black "Faraci, Antonino"]
[Result "0-1"]
[WhiteElo "2144"]
[BlackElo "1983"]
[PlyCount "79"]
[EventDate "2011.09.09"]
[EventType "swiss"]
[EventRounds "9"]
[EventCountry "ITA"]
[SourceDate "2005.09.12"]

1. d4 Nf6 2. c4 e6 3. Nf3 Bb4+ 4. Bd2 Qe7 5. g3 Bxd2+ 6. Qxd2 O-O 7. Nc3 d6 8.
Bg2 c6 9. O-O Nbd7 10. e4 Rd8 11. Rad1 e5 12. Rfe1 a6 13. Nh4 Nf8 14. dxe5 Qxe5
15. Nf3 Qh5 16. e5 Ne8 17. exd6 Bg4 18. Re5 f5 19. Qe3 Nxd6 20. b3 Ng6 21. Re6
f4 22. gxf4 Bxe6 23. Qxe6+ Nf7 24. Rxd8+ Rxd8 25. f5 Nf4 26. Qe3 Qg4 27. Ne1
Nd6 28. h3 Qxf5 29. Ne4 Nxe4 30. Bxe4 Nxh3+ 31. Kg2 Qg4+ 32. Kh2 Ng5 33. Bg2
Rf8 34. Kg1 h5 35. Nd3 Nf3+ 36. Kf1 Nd4 37. Kg1 Nf3+ 38. Kf1 h4 39. Ne1 Ng5 40.
Nd3 0-1

[Event "LIII Festival A"]
[Site "Imperia "]
[Date "2011.09.05"]
[Round "2"]
[White "Maiorov, Nikita"]
[Black "Cavatorta, Fosco"]
[Result "1-0"]
[WhiteElo "2558"]
[BlackElo "1905"]
[PlyCount "43"]
[EventDate "2011.09.09"]
[EventType "swiss"]
[EventRounds "9"]
[EventCountry "ITA"]
[SourceDate "2005.09.12"]

1. d4 d6 2. c4 e5 3. d5 f5 4. e4 Nf6 5. exf5 Bxf5 6. Nc3 Be7 7. Nge2 Nbd7 8.
Ng3 Bg6 9. Bd3 Bxd3 10. Qxd3 Nc5 11. Qd1 a5 12. Be3 Ncd7 13. O-O O-O 14. a3 c6
15. dxc6 bxc6 16. Nf5 Rf7 17. Nxd6 Bxd6 18. Qxd6 Ng4 19. Qxc6 Rc8 20. Bg5 Qf8
21. Qe6 Ngf6 22. Rad1 1-0

[Event "LIII Festival A"]
[Site "Imperia "]
[Date "2011.09.05"]
[Round "2"]
[White "Maniero, Andrea"]
[Black "Gastaldello, Lorenzo"]
[Result "0-1"]
[WhiteElo "2043"]
[BlackElo "1880"]
[PlyCount "68"]
[EventDate "2011.09.09"]
[EventType "swiss"]
[EventRounds "9"]
[EventCountry "ITA"]
[SourceDate "2005.09.12"]

1. e4 c6 2. Nc3 d5 3. f4 dxe4 4. Nxe4 Bf5 5. Ng3 Nh6 6. Nf3 e6 7. d4 Be7 8. Bd3
Bg4 9. c3 Bh4 10. Be3 Nd7 11. O-O Bxg3 12. hxg3 Nf6 13. Qb3 Qc7 14. Ne5 O-O 15.
Qc2 Rfe8 16. Rae1 Rad8 17. Kf2 Bf5 18. Rh1 c5 19. Rh4 Nhg4+ 20. Kf1 Nxe3+ 21.
Rxe3 cxd4 22. Rf3 dxc3 23. Bxf5 exf5 24. Rxc3 Qa5 25. a3 Ne4 26. b4 Qa6+ 27.
Rc4 Nd2+ 28. Kg1 Nxc4 29. Nxc4 Rc8 30. Qxf5 g6 31. Qh3 Qxc4 32. Rxh7 Qd4+ 33.
Kh2 Rc1 34. Qh6 Ree1 0-1

[Event "LIII Festival A"]
[Site "Imperia "]
[Date "2011.09.05"]
[Round "2"]
[White "Mela, Riccardo"]
[Black "Van Hoolandt, Patrick"]
[Result "1/2-1/2"]
[WhiteElo "2007"]
[BlackElo "2148"]
[PlyCount "82"]
[EventDate "2011.09.09"]
[EventType "swiss"]
[EventRounds "9"]
[EventCountry "ITA"]
[SourceDate "2005.09.12"]

1. c4 e6 2. d4 Nf6 3. Nf3 d5 4. Nc3 Bb4 5. e3 O-O 6. Bd3 c5 7. O-O cxd4 8. exd4
dxc4 9. Bxc4 Nbd7 10. a3 Bxc3 11. bxc3 Qc7 12. Qb3 Nb6 13. Bd3 Bd7 14. Bd2 Bc6
15. Ne5 Be4 16. c4 Rfd8 17. Bxe4 Nxe4 18. Be3 Nd7 19. Nxd7 Rxd7 20. Rfd1 Nd6
21. Rac1 Nf5 22. d5 Nxe3 23. Qxe3 exd5 24. cxd5 Qd6 25. g3 Rdd8 26. Qb3 Rab8
27. a4 h6 28. Qe3 Ra8 29. Rb1 Rd7 30. Rb5 b6 31. Rc1 Re7 32. Qb3 Rd8 33. a5
bxa5 34. Rxa5 g6 35. Qa4 Qd7 36. Qd4 Rde8 37. Kg2 Re4 38. Rxa7 Rxd4 39. Rxd7
Rd3 40. Rc2 Kg7 41. h4 h5 1/2-1/2

[Event "LIII Festival A"]
[Site "Imperia "]
[Date "2011.09.05"]
[Round "2"]
[White "Noli, Giovanni"]
[Black "Morandi, Daniele"]
[Result "1-0"]
[WhiteElo "1915"]
[BlackElo "1948"]
[PlyCount "57"]
[EventDate "2011.09.09"]
[EventType "swiss"]
[EventRounds "9"]
[EventCountry "ITA"]
[SourceDate "2005.09.12"]

1. d4 Nf6 2. c4 g6 3. Nc3 Bg7 4. e4 d6 5. f3 O-O 6. Be3 e5 7. Nge2 Nc6 8. d5
Ne7 9. Qd2 Nd7 10. g4 a5 11. Ng3 Nc5 12. h4 c6 13. Bh6 cxd5 14. Bxg7 Kxg7 15.
exd5 f5 16. h5 f4 17. hxg6 hxg6 18. Nge4 Rh8 19. Rxh8 Kxh8 20. Qh2+ Kg7 21.
O-O-O b5 22. Qh4 Nc6 23. g5 Nd4 24. Qh6+ Kf7 25. Qh7+ Kf8 26. Qh8+ Ke7 27. Qf6+
Ke8 28. Qxg6+ Ke7 29. Qg7+ 1-0

[Event "LIII Festival A"]
[Site "Imperia "]
[Date "2011.09.05"]
[Round "2"]
[White "Palit, Somak"]
[Black "Luciani, Valerio"]
[Result "1-0"]
[WhiteElo "2363"]
[BlackElo "2179"]
[PlyCount "33"]
[EventDate "2011.09.09"]
[EventType "swiss"]
[EventRounds "9"]
[EventCountry "ITA"]
[SourceDate "2005.09.12"]

1. Nf3 d6 2. d3 g6 3. g3 Bg7 4. Bg2 Nc6 5. e4 e5 6. Be3 Nge7 7. d4 d5 8. Nxe5
Nxe5 9. dxe5 dxe4 10. Qxd8+ Kxd8 11. Nc3 Bxe5 12. O-O-O+ Ke8 13. Nxe4 f5 14.
Nc5 Rb8 15. Rhe1 Bd6 16. Rxd6 cxd6 17. Bf4 1-0

[Event "LIII Festival A"]
[Site "Imperia "]
[Date "2011.09.05"]
[Round "2"]
[White "Pepino, Enrico"]
[Black "Suvrajit, Saha"]
[Result "1/2-1/2"]
[WhiteElo "2168"]
[BlackElo "2384"]
[PlyCount "121"]
[EventDate "2011.09.09"]
[EventType "swiss"]
[EventRounds "9"]
[EventCountry "ITA"]
[SourceDate "2005.09.12"]

1. e4 c5 2. Nf3 d6 3. d4 cxd4 4. Nxd4 Nf6 5. Nc3 a6 6. Be3 e5 7. Nb3 Be6 8. Qd2
Nbd7 9. O-O-O b5 10. f4 Rc8 11. f5 Bc4 12. Kb1 Qc7 13. Rg1 Be7 14. g4 h6 15. h4
Bxf1 16. Rdxf1 b4 17. Nd5 Nxd5 18. exd5 a5 19. g5 hxg5 20. hxg5 a4 21. Nc1 a3
22. Rh1 Rxh1 23. Rxh1 axb2 24. Kxb2 Nb6 25. Bxb6 Qxb6 26. Rh8+ Kd7 27. Rxc8
Kxc8 28. Nb3 Qb5 29. Qg2 Bd8 30. g6 fxg6 31. fxg6 Qc4 32. Qh3+ Kc7 33. Qd3 Qxd3
34. cxd3 Kb6 35. Nd2 Kc5 36. Ne4+ Kxd5 37. Ng3 Be7 38. Kb3 Kc5 39. Nf5 Bf8 40.
Ng3 d5 41. Nf5 Kc6 42. Ne3 Kc5 43. Nf5 Kb5 44. Ne3 Kc6 45. Nf5 Kd7 46. Ne3 Ke6
47. Nc2 e4 48. dxe4 dxe4 49. Nxb4 Kf5 50. Nd5 Bc5 51. Kc4 Bg1 52. Nc3 Ba7 53.
Nb5 Bb6 54. Nc3 Ba5 55. Ne2 Kg4 56. Kd5 e3 57. Ke4 Bb6 58. a4 Kg5 59. a5 Bxa5
60. Kxe3 Kxg6 61. Kf3 1/2-1/2

[Event "LIII Festival A"]
[Site "Imperia "]
[Date "2011.09.05"]
[Round "2"]
[White "Peric, Slavisa"]
[Black "Ahner, Thomas"]
[Result "1-0"]
[WhiteElo "2205"]
[BlackElo "2156"]
[PlyCount "47"]
[EventDate "2011.09.09"]
[EventType "swiss"]
[EventRounds "9"]
[EventCountry "ITA"]
[SourceDate "2005.09.12"]

1. d4 Nf6 2. Nf3 e6 3. c4 b6 4. g3 Ba6 5. Qb3 Nc6 6. Nbd2 Na5 7. Qa4 Bb7 8. Bg2
c5 9. dxc5 bxc5 10. O-O Be7 11. Re1 O-O 12. e4 d6 13. e5 dxe5 14. Nxe5 Bxg2 15.
Kxg2 Qb6 16. Ndf3 Qb4 17. Qc2 Bd8 18. Bd2 Qb6 19. Bc3 Nc6 20. Rad1 Bc7 21. Nd7
Nxd7 22. Rxd7 h6 23. Rxe6 Rfe8 24. Qf5 1-0

[Event "LIII Festival A"]
[Site "Imperia "]
[Date "2011.09.05"]
[Round "2"]
[White "Ribbegren, Karl Johan"]
[Black "Dubois, Martine"]
[Result "1-0"]
[WhiteElo "2167"]
[BlackElo "2017"]
[PlyCount "80"]
[EventDate "2011.09.09"]
[EventType "swiss"]
[EventRounds "9"]
[EventCountry "ITA"]
[SourceDate "2005.09.12"]

1. d3 e5 2. g3 Nc6 3. Bg2 h5 4. h4 d5 5. Nf3 Bg4 6. c4 Bb4+ 7. Bd2 Bxd2+ 8.
Nbxd2 Nge7 9. Qb3 dxc4 10. Qxc4 Be6 11. Qa4 O-O 12. Rc1 Qd7 13. Ne4 Qd4 14. Nc3
Qc5 15. Ng5 Nf5 16. Qd1 Qb6 17. Qd2 Rad8 18. Bf3 g6 19. Nxe6 fxe6 20. Qg5 Kg7
21. Bxh5 Nxh4 22. Rxh4 Qxf2+ 23. Kd2 Qf5 24. Qxf5 exf5 25. Bf3 e4 26. Bg2 Ne5
27. Nxe4 fxe4 28. Rxc7+ Rf7 29. Rxf7+ Kxf7 30. Bxe4 Kf6 31. Rh7 Nc4+ 32. Kc3
Nd6 33. Bxb7 Rb8 34. Bd5 Rc8+ 35. Kd2 Rc5 36. e4 Ra5 37. Ke3 a6 38. Kf4 g5+ 39.
Kf3 Kg6 40. Rd7 Nb5 1-0

[Event "LIII Festival A"]
[Site "Imperia "]
[Date "2011.09.05"]
[Round "2"]
[White "Saptarshi, Roy"]
[Black "La Manna, Andrea"]
[Result "1-0"]
[WhiteElo "2385"]
[BlackElo "2189"]
[PlyCount "105"]
[EventDate "2011.09.09"]
[EventType "swiss"]
[EventRounds "9"]
[EventCountry "ITA"]
[SourceDate "2005.09.12"]

1. d4 f5 2. e4 fxe4 3. Nc3 Nf6 4. Bg5 Nc6 5. d5 Ne5 6. Qd4 Nf7 7. h4 c6 8.
O-O-O Qb6 9. Bxf6 gxf6 10. Qxe4 Qxf2 11. Nf3 Bh6+ 12. Kb1 Qe3 13. Qg4 d6 14.
Qa4 Bd7 15. dxc6 bxc6 16. Bc4 Ne5 17. Nxe5 fxe5 18. Rhe1 Qb6 19. Bb3 Bg7 20.
Qc4 Rf8 21. Rf1 d5 22. Rxf8+ Bxf8 23. Qe2 O-O-O 24. Qxe5 Qc7 25. Qh5 e5 26. Rf1
h6 27. Rf7 Qd6 28. Qe2 Kb7 29. h5 Be7 30. Rg7 Bg5 31. a3 e4 32. Rg6 Qe5 33. Na4
Be8 34. Nc5+ Ka8 35. Qa6 Qc7 36. Bxd5 Rxd5 37. Rg7 Rd1+ 38. Ka2 Bf7+ 39. b3
Bxb3+ 40. Kxb3 Qb6+ 41. Qxb6 axb6 42. Nxe4 Be3 43. Rg6 Rd5 44. g4 Re5 45. Nd6
Bc1 46. a4 b5 47. axb5 cxb5 48. Kb4 Bd2+ 49. c3 Bg5 50. Nf7 Re4+ 51. Kxb5 Rxg4
52. Nxg5 hxg5 53. Kb6 1-0

[Event "LIII Festival A"]
[Site "Imperia "]
[Date "2011.09.05"]
[Round "2"]
[White "Sejkora, Vlastimil"]
[Black "Jirovsky, Milos"]
[Result "0-1"]
[WhiteElo "2221"]
[BlackElo "2466"]
[PlyCount "80"]
[EventDate "2011.09.09"]
[EventType "swiss"]
[EventRounds "9"]
[EventCountry "ITA"]
[SourceDate "2005.09.12"]

1. e4 d5 2. exd5 Qxd5 3. Nc3 Qd6 4. d4 Nf6 5. h3 c6 6. Nf3 Bf5 7. Be2 Nbd7 8.
O-O e6 9. Be3 Qc7 10. a3 h6 11. Re1 Bd6 12. Bd3 Bxd3 13. Qxd3 O-O 14. Rad1 Rfd8
15. Ne4 Nxe4 16. Qxe4 Nf6 17. Qh4 Be7 18. Ne5 Nd5 19. Qh5 Bf8 20. Bc1 g6 21.
Qf3 Qe7 22. c4 Nf6 23. g4 Nd7 24. Nd3 Bg7 25. d5 cxd5 26. cxd5 Nf8 27. dxe6
Nxe6 28. Kg2 Qc7 29. Nb4 Nd4 30. Qe4 f5 31. gxf5 Nxf5 32. h4 Qf7 33. h5 g5 34.
Rxd8+ Rxd8 35. Qe6 Qxe6 36. Rxe6 Rd1 37. Re8+ Kf7 38. Rc8 Nh4+ 39. Kh3 Rh1+ 40.
Kg4 Rg1+ 0-1

[Event "LIII Festival A"]
[Site "Imperia "]
[Date "2011.09.05"]
[Round "2"]
[White "Tomassoni, Leonardo"]
[Black "De Barberis, Massimo"]
[Result "0-1"]
[WhiteElo "1932"]
[BlackElo "2093"]
[PlyCount "52"]
[EventDate "2011.09.09"]
[EventType "swiss"]
[EventRounds "9"]
[EventCountry "ITA"]
[SourceDate "2005.09.12"]

1. e4 c5 2. Nf3 d6 3. c3 Nc6 4. Be2 Nf6 5. d3 e6 6. O-O Be7 7. h3 O-O 8. Be3
Qc7 9. Na3 a6 10. Rc1 d5 11. Qc2 b5 12. exd5 Nxd5 13. Bg5 f6 14. Bh4 Nf4 15.
Bg3 Bd6 16. Bd1 Bb7 17. d4 Rae8 18. dxc5 Bxc5 19. b4 Bd6 20. Qd2 Ne5 21. Nxe5
Bxe5 22. Qe3 Bxg2 23. Bf3 Bxf1 24. Kxf1 Nxh3 25. Bg4 Bxg3 26. Bxh3 Bf4 0-1

[Event "LIII Festival A"]
[Site "Imperia "]
[Date "2011.09.05"]
[Round "2"]
[White "Vezzani, Stefano"]
[Black "Angelini, Marco"]
[Result "1/2-1/2"]
[WhiteElo "2183"]
[BlackElo "2200"]
[PlyCount "46"]
[EventDate "2011.09.09"]
[EventType "swiss"]
[EventRounds "9"]
[EventCountry "ITA"]
[SourceDate "2005.09.12"]

1. Nf3 d5 2. g3 Nf6 3. Bg2 e6 4. O-O Nbd7 5. d3 b6 6. a4 Bb7 7. a5 a6 8. axb6
cxb6 9. Nbd2 Be7 10. c4 dxc4 11. Nxc4 O-O 12. Bd2 Rc8 13. b4 Nd5 14. Qb3 b5 15.
Na5 Ba8 16. Rfc1 Qb6 17. e4 N5f6 18. Qb2 Ng4 19. Qd4 Qxd4 20. Nxd4 Bf6 21. Nab3
Nge5 22. Rxc8 Rxc8 23. Rxa6 Nxd3 1/2-1/2

[Event "LIII Festival A"]
[Site "Imperia "]
[Date "2011.09.05"]
[Round "2"]
[White "Zach, Andreas"]
[Black "Svetushkin, Dmitry"]
[Result "1/2-1/2"]
[WhiteElo "2344"]
[BlackElo "2594"]
[PlyCount "33"]
[EventDate "2011.09.09"]
[EventType "swiss"]
[EventRounds "9"]
[EventCountry "ITA"]
[SourceDate "2005.09.12"]

1. d4 d5 2. Bf4 Bg4 3. h3 Bh5 4. Nd2 e6 5. Ngf3 c5 6. c3 Nc6 7. Qb3 Qc8 8. e3
Nf6 9. g4 Bg6 10. Nh4 cxd4 11. exd4 Qd7 12. Nxg6 hxg6 13. Bg2 Bd6 14. Bxd6 Qxd6
15. Qxb7 Rb8 16. Nc4 Qd7 17. Qxd7+ 1/2-1/2